Studies on a new binary accelerator system for the sulfur vulcanization of styrene-butadiene rubber (Record no. 69537)

MARC details
000 -LEADER
fixed length control field 00481nam a2200157Ia 4500
100 ## - MAIN ENTRY--AUTHOR NAME
Personal name Mathew G
245 #0 - TITLE STATEMENT
Title Studies on a new binary accelerator system for the sulfur vulcanization of styrene-butadiene rubber
260 ## - PUBLICATION, DISTRIBUTION, ETC. (IMPRINT)
Name of publisher Rubber Chemistry and Technology
Year of publication 1992
300 ## - PHYSICAL DESCRIPTION
Number of Pages 277-292
650 ## - SUBJECT ADDED ENTRY--TOPICAL TERM
Topical Term Styrene-butadiene rubber
650 ## - SUBJECT ADDED ENTRY--TOPICAL TERM
Topical Term Sulfur vulcanization
700 ## - ADDED ENTRY--PERSONAL NAME
Personal name Kuriakose A P
700 ## - ADDED ENTRY--PERSONAL NAME
Personal name Pillai P V
942 ## - ADDED ENTRY ELEMENTS (KOHA)
Koha item type Journals
Holdings
Withdrawn status Lost status Damaged status Not for loan Home library Current library Shelving location Date acquired Serial Enumeration / chronology Koha item type
      Journals RRII Library RRII Library Rubber chemistry 17/12/2021 Volume 65, Issue 2 Journals